Poľnohospodárska biomasa - technologické linky na jej energetické využitie
Gespeichert in:
| Hauptverfasser: | , , , , , |
|---|---|
| Format: | Buch |
| Sprache: | Slowakisch |
| Veröffentlicht: |
Bratislava :
GaRT,
2009
|
| Ausgabe: | 1. vyd. |
| Schlagworte: | |
| Tags: |
Keine Tags, Fügen Sie das erste Tag hinzu!
|
MARC
| LEADER | 00000nam a22000003a 4500 | ||
|---|---|---|---|
| 001 | stu189079 | ||
| 005 | 20220321183432.0 | ||
| 008 | 090828s2009------------------------slo-d | ||
| 020 | |a 978-80-968507-6-1 | ||
| 040 | |a STU |b slo | ||
| 041 | 0 | |a slo | |
| 100 | 1 | |a Zacharda, František |4 aut | |
| 245 | 1 | |a Poľnohospodárska biomasa - technologické linky na jej energetické využitie | |
| 250 | |a 1. vyd. | ||
| 260 | |a Bratislava : |b GaRT, |c 2009 | ||
| 300 | |a 146 s | ||
| 650 | 7 | |a biomasa |2 stusub | |
| 650 | 7 | |a energetické zdroje |2 stusub | |
| 700 | 1 | |a Pepich, Štefan |4 aut | |
| 700 | 1 | |a Gaduš, Ján |4 aut | |
| 700 | 1 | |a Piszczalka, Ján |4 aut | |
| 700 | 1 | |a Šooš, Ľubomír, |d 1959- |4 aut |u J0070 |U SjF Strojnícka fakulta |T SjF Ústav výrobných systémov, enviromentálnej techniky a manažment kvality |X 2372 |U J0070 |Y 804 |7 A000002372 | |
| 700 | 1 | |a Gonda, Ľubomír |4 aut | |
| 996 | |b 284J035337 |c J*110928 |l JJSK |s A |a 24 |w stu189079_0001 | ||